Online katalóg knižníc regiónu Turca

Otázka voľby (Record no. 22809)

MARC details
000 -LEADER
fixed length control field 01153nam a2200337 a 4500
001 - CONTROL NUMBER
control field 22809
003 - CONTROL NUMBER IDENTIFIER
control field SK-KTurca
005 - DATE AND TIME OF LATEST TRANSACTION
control field 20260428143817.0
008 - FIXED-LENGTH DATA ELEMENTS--GENERAL INFORMATION
fixed length control field 160524s2016 vp g 000 f slo c
020 ## - INTERNATIONAL STANDARD BOOK NUMBER
International Standard Book Number 9788651703013 (brož.)
040 ## - CATALOGING SOURCE
Original cataloging agency POKPOH
Language of cataloging slo
Transcribing agency POKPOH
Description conventions AACR2
041 1# - LANGUAGE CODE
Language code of text/sound track or separate title slo
Language code of original eng
044 ## - COUNTRY OF PUBLISHING/PRODUCING ENTITY CODE
MARC country code rb
ISO country code RS
MARC country code xo
ISO country code SK
072 #7 - SUBJECT CATEGORY CODE
Subject category code 821.111(73)-3
Subject category code subdivision Americká próza
Source konspekt
080 ## - UNIVERSAL DECIMAL CLASSIFICATION NUMBER
Universal Decimal Classification number 821.111(73)-31
Edition identifier 2011
080 ## - UNIVERSAL DECIMAL CLASSIFICATION NUMBER
Universal Decimal Classification number (0:82-312.5)
Edition identifier 2011
100 1# - MAIN ENTRY--PERSONAL NAME
Personal name Roberts, Nora,
Dates associated with a name 1950-
240 12 - UNIFORM TITLE
Uniform title A matter of choice
Language of a work Slovensky
245 10 - TITLE STATEMENT
Title Otázka voľby
Statement of responsibility, etc. Nora Roberts ; [preložil Marcel Perecár]
260 ## - PUBLICATION, DISTRIBUTION, ETC.
Place of publication, distribution, etc. Serbia
Name of publisher, distributor, etc. Liber Novus
Place of publication, distribution, etc. [Bratislava]
Name of publisher, distributor, etc. [Ringier Axel Springer Slovakia]
Date of publication, distribution, etc. 2016
300 ## - PHYSICAL DESCRIPTION
Extent 239 s.
Dimensions 18 cm
500 ## - GENERAL NOTE
General note Kniha je vydaná exkluzívne pre týždenník Nový čas pre ženy
500 ## - GENERAL NOTE
General note Preložené z angličtiny
655 #7 - INDEX TERM--GENRE/FORM
Genre/form data or focus term americké romány
Source of term SNKPH
655 #7 - INDEX TERM--GENRE/FORM
Genre/form data or focus term ľúbostné romány
Source of term SNKPH
655 #7 - INDEX TERM--GENRE/FORM
Genre/form data or focus term American fiction
Source of term SNKPHeng
655 #7 - INDEX TERM--GENRE/FORM
Genre/form data or focus term Love novels
Source of term SNKPHeng
700 1# - ADDED ENTRY--PERSONAL NAME
Personal name Perecár, Marcel,
Dates associated with a name 1972-1
Relationship trl
942 ## - ADDED ENTRY ELEMENTS (KOHA)
Source of classification or shelving scheme Dewey Decimal Classification
Koha item type Krásna literatúra pre dospelých
Suppress in OPAC No
Holdings
Stav vyradenia Strata Poškodenie Spôsob nadobudnutia Domovská knižnica Aktuálna knižnica Dátum nadobudnutia Cena Total checkouts Čiarový kód exemplára Date last seen Typ exemplára
      Kúpa Obecná knižnica Horná Štubňa Obecná knižnica Horná Štubňa 28.04.2026 1.00   9788651703013 28.04.2026 Krásna literatúra pre dospelých
Projekt je podporený Slovenskou asociáciou knižníc
Prevádzkuje Turčianska knižnica Martin 2026